00520nam a2200205Ia 4500003000900000008004100009040001300050040001300063041000800076100002800084245004700112250001100159260001400170260000900184300001100193300001000204490004500214490000600259600004900265IT-RoPAU120407s9999 xx 000 0 und d aIT-RoPAU cIT-RoPAU aita aHans Urs von Balthasar  a“Tu coroni l’anno con la tua grazia” aMilano aJaca Book c1990 a255 p. c23 cm aPreghiera e mistica (Già e non ancora) v0 a" prediche alla radio sull’anno liturgico"